000 00955nam a2200205Ia 4500
003 Ost
005 20260507075635.0
008 260507s9999||||xx |||||||||||||| ||und||
040 _cfsecg
041 _aara
082 _a343.03
100 _aعبد التواب، معوض
_eمؤلف
245 0 _aالولاية على المال :
_bالتعليق على قانون المالية على رأس المال بالشرح وأحكام النقض من 1931-2002 /
_c معوض عبد التواب
260 _aالقاهرة:
_bمكتبة عالم الفكر والقانون,
_c2003
300 _a299 صفحة؛
_bإيضاحات ؛
_c24 سم
520 _aأحكام القضاء في الوصاية- الصيغ المتعلقة بالوصاية والولاية في الحجر والمساعدة القضائية- في المشرف في الإجراءات
653 _aرأس المال
653 _aقانون المالية
942 _cكتاب
999 _c45286
_d45286